000 00515nam a2200181Ia 4500
003 OSt
005 20260116125435.0
008 210210b1945 xxu||||| |||| 00| 0 eng d
040 _cAL
041 _aKannada
082 _a859/442
100 _aGUNDAPPA (L)
_986109
_dಗುಂಡಪ್ಪ
245 _aKannada sahityada chitragalu
_bಕನ್ನಡ ಸಾಹಿತ್ಯದ ಚಿತ್ರಗಳು
260 _aBengaluru
_b-
_c1945
690 _aKannada Fiction
_986110
906 _a021312
942 _2ddc
_cBK
999 _c145376
_d145376